Những vấn đề đặt ra trong quá trình xử lý thị trường bất động sản tại Thành phố Hồ Chí Minh /

Shranjeno v:
Bibliografske podrobnosti
Glavni avtor: Nguyễn Hoàng Xanh
Format: Bài viết
Jezik:Vietnamese
Teme:
Oznake: Označite
Brez oznak, prvi označite!
Thư viện lưu trữ: Thư viện Trường Đại học Đà Lạt
LEADER 00825nam a2200277 4500
001 DLU060050302
040 # # |a DLU  |b vie 
041 # # |a vie 
044 # # |a vn 
100 # # |a Nguyễn Hoàng Xanh 
245 # # |a Những vấn đề đặt ra trong quá trình xử lý thị trường bất động sản tại Thành phố Hồ Chí Minh /  |c Nguyễn Hoàng Xanh 
653 # # |a Đất 
653 # # |a Bất động sản  
653 # # |a Thị trường 
773 # # |t Phát triển kinh tế  |g Số 151, 2003, tr.6-8 
920 # # |a Phòng Tạp chí -- Trung tâm Thông tin - Thư viện Trường Đại học Đà Lạt 
933 # # |a KT 
994 # # |a DLU 
900 # # |a True 
911 # # |a Nguyễn Thị Yên 
925 # # |a G 
926 # # |a A 
927 # # |a BB 
980 # # |a Thư viện Trường Đại học Đà Lạt